000
00278nam a22001337a 4500
008
170321b xxu||||| |||| 00| 0 eng d
020
_a
AD3715RO
041
_a
eng
080
_a
616.12-008-073
100
_a
7
101
_a
SHM
245
_a
COPD
_c
ANZUETO. A
942
_2
udc
_c
BK
999
_c
8232
_d
8232